<?xml version="1.0" encoding="UTF-8"?>
<record
    xmlns:xsi="http://www.w3.org/2001/XMLSchema-instance"
    xsi:schemaLocation="http://www.loc.gov/MARC21/slim http://www.loc.gov/standards/marcxml/schema/MARC21slim.xsd"
    xmlns="http://www.loc.gov/MARC21/slim">

  <leader>01008nam a22001337a 4500</leader>
  <datafield tag="999" ind1=" " ind2=" ">
    <subfield code="c">533149</subfield>
    <subfield code="d">533149</subfield>
  </datafield>
  <controlfield tag="008">260427b           ||||| |||| 00| 0 eng d</controlfield>
  <datafield tag="100" ind1=" " ind2=" ">
    <subfield code="a">Kumar, Rupak </subfield>
    <subfield code="9">60262</subfield>
  </datafield>
  <datafield tag="245" ind1=" " ind2=" ">
    <subfield code="a">Joint parliamentary committees in INDIA: Evolving patterns and frameworks     </subfield>
  </datafield>
  <datafield tag="260" ind1=" " ind2=" ">
    <subfield code="a">Economic &amp; Political Weekly  </subfield>
  </datafield>
  <datafield tag="300" ind1=" " ind2=" ">
    <subfield code="a">61(7), Feb 14, 2026: p.59-65</subfield>
  </datafield>
  <datafield tag="520" ind1=" " ind2=" ">
    <subfield code="a">There is a need to discern patterns and evolve a framework to understand parliamentary committees in India, especially joint parliamentary committees. The institutional arguments for sub-institutions like committees are situated in the larger discourse of political processes. Does the realpolitik in the Indian scenario enable the functioning, effectiveness, or efficacy of JPCs and what ails the working of parliamentary committees in India or its so-called &#x201C;mini-Parliaments&#x201D;?-Reproduced 

https://www.epw.in/journal/2026/7/special-articles/joint-parliamentary-committees-india.html
</subfield>
  </datafield>
  <datafield tag="773" ind1=" " ind2=" ">
    <subfield code="a">Economic &amp; Political Weekly  </subfield>
  </datafield>
  <datafield tag="942" ind1=" " ind2=" ">
    <subfield code="c">AR</subfield>
  </datafield>
  <datafield tag="952" ind1=" " ind2=" ">
    <subfield code="0">0</subfield>
    <subfield code="1">0</subfield>
    <subfield code="2">ddc</subfield>
    <subfield code="4">0</subfield>
    <subfield code="7">0</subfield>
    <subfield code="9">408320</subfield>
    <subfield code="a">IIPA</subfield>
    <subfield code="b">IIPA</subfield>
    <subfield code="d">2026-04-27</subfield>
    <subfield code="h">61(7), Feb 14, 2026: p.59-65</subfield>
    <subfield code="p">AR138660</subfield>
    <subfield code="r">2026-04-27</subfield>
    <subfield code="y">AR</subfield>
  </datafield>
</record>
